Sobre clases de fitting normales

שמור ב:
מידע ביבליוגרפי
Main Authors: Consigliere Dezerega, Lidia Rosa (Author), Figueroa Rebolledo, Gladys (Author)
מחברים אחרים: Maulén Yañez, María Angélica (autora)
פורמט: ספר
שפה:ספרדית
יצא לאור: Valparaíso Universidad Católica de Valparaíso 1981
נושאים:
תגים: הוספת תג
אין תגיות, היה/י הראשונ/ה לתייג את הרשומה!

MARC

LEADER 00000nam a2200000 a 4500
001 UCP3745
003 CL-VaPUC
008 990702e19810000CL |||||||||||||||||spa|d
082 0 4 |a 512.2  |b CON  |2 21 
100 0 |a Consigliere Dezerega, Lidia Rosa  |e author  |9 431116 
700 |a Maulén Yañez, María Angélica  |e autora  |9 741561 
700 0 |a Figueroa Rebolledo, Gladys  |e author  |9 431118 
245 1 0 |a Sobre clases de fitting normales 
300 |a 29 p 
942 |c BK 
945 |d 19990702 00:00:00  |a crobeson 
260 |a Valparaíso  |b Universidad Católica de Valparaíso  |c 1981 
650 0 |a Grupos finitos  |9 270201 
650 0 |a Teoría de grupos   |9 270028 
583 |a last modification  |c 19990702 00:00:00  |k Rodrigo Vera 
999 |c 281945  |d 281943 
952 |0 0  |1 0  |4 0  |6 512_200000000000000_CON_1981  |7 0  |8 A  |9 323115  |a BIBMAT  |b BIBMAT  |d 2019-11-20  |i 1351702  |o 512.2 CON 1981  |p 1351702  |r 2025-01-07  |w 2019-11-20  |y BK  |k MAT